000156757 001__ 156757 000156757 005__ 20250904102154.0 000156757 037__ $$aGDOC-2024-25236 000156757 041__ $$aspa 000156757 041__ $$aeng 000156757 100__ $$0(orcid)0000-0002-0341-8408$$1408738$$aHugo Malón, Litago 000156757 24500 $$925236$$aContaminación radiactiva, acústica y por vibraciones 000156757 24200 $$925236$$aRadioactive contamination, acoustic and vibration pollution 000156757 260__ $$aZaragoza$$bUniversidad de Zaragoza$$c2024-2025 000156757 521__ $$9100$$aGrado en Ciencias Ambientales$$bDegree in Environmental Sciences 000156757 540__ $$aby-nc-sa$$bCreative Commons$$c3.0$$uhttp://creativecommons.org/licenses/by-nc-sa/3.0/ 000156757 830__ $$9571 000156757 8564_ $$s8961$$uhttps://zaguan.unizar.es/record/156757/files/guia-25236-es.pdf$$yGuía (idioma español) 000156757 8564_ $$s9229$$uhttps://zaguan.unizar.es/record/156757/files/guia-25236-en.pdf$$yGuide (english) 000156757 970__ $$aGDOC-2024-25236 000156757 980__ $$aGDOC$$bSciences$$bCiencias$$c201